000 02269cam a22004574i 4500
003 PE-LiUPU
005 20250731173324.0
008 150625s2001 sp rb 000 0 spa d
020 _a8481694355
035 _a(Sirsi) i9788481694352
040 _aPE-LiUPU
_bspa
_cPE-LiUPU
_erda
049 _aPRUA
082 0 4 _a222.1
_bS59
_221
100 1 _aSka, Jean Louis,
_eautor.
245 1 0 _aIntroducción a la lectura del pentateuco :
_bclaves para la interpretación de los cinco primeros libros de la Biblia /
_cJean Louis Ska.
264 1 _aNavarra :
_bVerbo Divino,
_c2001.
300 _a383 páginas ;
_c22 centímetros
336 _atext
_2rdacontent
337 _aunmediated
_2rdamedia
338 _avolume
_2rdacarrier
504 _aIncluye bibliografía.
505 0 _aAlgunas cuestiones fundamentales sobre el pentateuco -- Los cinco libros del Pentateuco contenido y estructura -- Los problemas literarios del pentateuco. I. Textos legislativos -- Los problemas literarios del pentateuco. II. Textos narrativos -- Los problemas literarios del pentateuco. III. Algunos procedimientos redaccionales -- La exégesis del Pentateuco. Historia de la investigación desde la antigüedad hasta 1970 -- Los desarrollos recientes en la exégesis del Pentateuco -- Las características fundamentales de la literatura antigua -- Algunos puntos de referencia para la lectura del pentateuco -- El pentateuco y el Israel postexílico.
526 _aSEG42
526 _aSEG41
526 _aSEG40
526 _aSEG39
526 _aP94
526 _aP87
526 _aP86
526 _aP85
526 _aP77
526 _aP76
526 _aP35
541 _g006-0034606;
630 _aBiblia.
_pN.T.
_pPentateuco
_xIntroducciones.
942 _2ddc
_cBOOK
949 _a222.1 S59
_wDEWEY
_c1
_i57816
_d2016-6-13
_e2016-6-6
_lCCODEBUL1
_mBUL
_n3
_p34.00
_r0
_sY
_tBOOK
_u2015-6-25
_xTEOLOGIA
_zUNKNOWN
_0COMPRA
_o.STAFF. Colección General
994 _aC0
_bPEPRU
596 _a1
999 _a222.1 S59
_wDEWEY
_c46814
_i57816
_d46814
_e2019-6-17
_f2021-11-9
_g5
_lCCODEBUL1
_mBUL
_n14
_p34.00
_q6
_r0
_sY
_tBOOK
_u2015-6-25
_xTEOLOGIA
_PP35
_0COMPRA
_o.STAFF. Colección Teología
980 _81
_gALBERTO SANCHEZ Responsable de Automatización